Детско-юношеска художествена литература 1944 - 1978 (Запис номер 119472)
[ съкратено ]
| 000 -Лидер | |
|---|---|
| Контролно поле с фиксирана дължина | 01915nam a2200373 c 4500 |
| 003 - Код на организацията, давaща контролен номер | |
| Контролно поле | BLK |
| 005 - Дата и час на последна редакция | |
| Контролно поле | 20221130160317.0 |
| 008 - Елементи от данни с фиксирана дължина | |
| fixed length control field | 180409b bul|||||r ||||||| ||bul|| |
| 010 ## - Наследен системен номер | |
| LC control number | KNG00125087000 |
| 040 ## - Източник на каталожния запис | |
| Идентификатор на билиотеката - собственик на записа | BLK |
| 041 ## - Код за език | |
| Код за езика на текст/звукозапис или на отделно заглавие | Български |
| Код за езика КДБФ | Български |
| 080 ## - УДК | |
| Текстов определител УДК | Специална библиография |
| УДК код - определител по УДК | 016 |
| УДК определител | :886.7-93 |
| УДК - код + определител | 016:886.7-93 |
| 080 ## - УДК | |
| Текстов определител УДК | Българска литература |
| УДК код - определител по УДК | 821.163.2 |
| УДК определител | -93(01) |
| УДК - код + определител | 821.163.2-93(01) |
| 080 ## - УДК | |
| Текстов определител УДК | Специална библиография |
| УДК код - определител по УДК | 016 |
| УДК определител | :82-93 |
| УДК - код + определител | 016:82-93 |
| 080 ## - УДК | |
| Текстов определител УДК | Детска литература. Литература за деца |
| УДК код - определител по УДК | 82-93 |
| УДК определител | (01) |
| УДК - код + определител | 82-93(01) |
| 139 ## - Редно поле | |
| Редна дума | Детско-юношеска художествена литература 1944 - 1978 |
| Авторски знак | Дес - Д 45 |
| 245 10 - Сведения за заглавието | |
| Заглавие | Детско-юношеска художествена литература 1944 - 1978 |
| Подзаглавни данни | Библиогр. указател |
| Редно поле (дума) | състав. Иван Йорданов Иванов; ред. Божанка Константинова. |
| 257 ## - Страна на издаване | |
| Страна на създаване/издаване | България |
| 260 ## - Област на издателските данни | |
| Място на издаване, разпространение и проч. | София |
| Име на издателя, разпространителя и проч. | Нар. библ. Кирил и Методий |
| Година на издаване | 1979 |
| 300 ## - Физическа характеристика | |
| Страници | 202 с. |
| Размери/Мащаб | 23 см |
| 380 ## - Жанр | |
| Жанр | Общ отдел |
| 500 ## - Общи забележки | |
| Забележка | Други състав. : Димитрийка Н. Димитрова, Веселина П. Захариева, Роза И. Ангелова. |
| 650 #4 - Допълнително описание по предмет – тема | |
| Основно описание – тема или топоним | Детска и юношеска литература, българска - библиографии |
| 9 (RLIN) | 278687 |
| 651 #4 - Допълнително описание по предмет - топоним | |
| Географско понятие | България |
| 9 (RLIN) | 241624 |
| 653 ## - Ключова дума – ненормативна | |
| Ключова дума | детска литература |
| 653 ## - Ключова дума – ненормативна | |
| Ключова дума | библиографски указатели |
| 700 1# - Други автори (авторска отговорност) | |
| Лично име | Иванов, Иван Йорданов |
| Автороска отговорност (Описва отношението между автора и произведението) | състав. |
| 9 (RLIN) | 370449 |
| 700 1# - Други автори (авторска отговорност) | |
| Лично име | Константинова, Божанка |
| Автороска отговорност (Описва отношението между автора и произведението) | ред. |
| 9 (RLIN) | 367779 |
| 852 ## - Местоположение | |
| Форматна сигнатура | Цб 100989 |
| 856 4# - Електронен адрес и достъп | |
| Електронен формат | pdf - файл |
| Инструкция (цена за достъп) | 0.00 |
| Права за достъп | disable |
| 856 4# - Електронен адрес и достъп | |
| Електронен формат | pdf - файл |
| Инструкция (цена за достъп) | 0.00 |
| Права за достъп | disable |
| 999 ## - СИСТЕМНИ КОНТРОЛНИ НОМЕРА | |
| Koha biblionumber | 119472 |
| Koha biblioitemnumber | 119472 |
| 942 ## - АРТИКУЛИ | |
| Вид на библиотечния материал | Книги |
| Скрит в OPAC | Не |
| Периодичен библиозапис | Да |
| 944 ## - СЪЗДАВАНЕ И РЕДАКЦИЯ на ЗАПИСА | |
| Създаване/Редакция | Създаване |
| Дата на регистрацията/редакция | 19.08.2011 |
| Статус, дата на статуса | 19.08.2011 - от С1,Р / 19.08.2011 |
| Служител, извършил регистрацията/редакцията | Нора_Радева |
| 944 ## - СЪЗДАВАНЕ И РЕДАКЦИЯ на ЗАПИСА | |
| Създаване/Редакция | Редакция |
| Дата на регистрацията/редакция | 19.08.2011 |
| Статус, дата на статуса | 19.08.2011 - от С1,Р / 19.08.2011 |
| 944 ## - СЪЗДАВАНЕ И РЕДАКЦИЯ на ЗАПИСА | |
| Създаване/Редакция | Редакция |
| Дата на регистрацията/редакция | 2022-11-30 |
| Служител, извършил регистрацията/редакцията | Христина Везирева |
| 999 ## - СИСТЕМНИ КОНТРОЛНИ НОМЕРА | |
| Koha biblioitemnumber | 119472 |
| Код за отписване | Код за изгубен артикул | Източник на класификационната схема | Код за повреда | Коз за рестрикции | Код за отдаване | Артикулен № | Име на библиотеката - собственик | Име на библиотеката, в която се намира в момента | Статус (Текущо местоположение) | Дата на вписване в системата | Местоположение - отдел | Цена в лева | Инвентарен номер | Систематично азбучна сигнатура | Баркод | Номер на екземпляра | Цена в евро | Служебна бележка | Служебен тип на артикула |
|---|---|---|---|---|---|---|---|---|---|---|---|---|---|---|---|---|---|---|---|
| Не е изгубен | Universal Decimal Classification | Не е повреден | само за читалня | ползва се в читалня | 192747 | Регионална библиотека "Любен Каравелов" Русе | Регионална библиотека "Любен Каравелов" Русе | СБИД | 1979-01-01 | СБИД | 2.00 | 292705 | С 016:8/Д 45 | 120000292705 | 1 | 1.02 | N: стар фонд Дата: 01.01.1979 Дата инв: 08.06.2017 Бележки инв: С2017 | Книги | |
| Не е изгубен | Universal Decimal Classification | Не е повреден | без рестрикции | ползва се в читалня | 192748 | Регионална библиотека "Любен Каравелов" Русе | Регионална библиотека "Любен Каравелов" Русе | Хранилище | 1979-01-01 | Хранилище | 2.00 | 293403 | Цб 100989 | 120000293403 | 2 | 1.02 | N: стар фонд Дата: 01.01.1979 | Книги |